000 00309nam a2200133Ia 4500
008 191201s2014 xx 000 0 und d
100 _aMEHTA, P L
245 0 _aManagerial Economics
250 _a12th
260 _c2014
_bS Chand and Co. Ltd.
_aNew Delhi
300 _a820
650 _aMBA
942 _2ddc
_cBB
999 _c7612
_d7612